| 000 | 00585cam a2200181 4500 | ||
|---|---|---|---|
| 005 | 20250708084156.0 | ||
| 008 | 031006s2001 sp 000 0 spa u | ||
| 020 | _a9505085591 | ||
| 050 | 0 | 4 |
_aKHA2921 _bS24 2001 |
| 100 | 1 | _aSagüés, Néstor Pedro | |
| 245 | 1 | 0 |
_aTeoría de la constitución _c / Néstor Pedro Sagüés |
| 250 | _a1a ed. | ||
| 260 |
_aBuenos Aires : _bAstrea de Alfredo y Ricardo Depalma, _c2001 |
||
| 300 |
_axxxii, 519 p. ; _c23 cm. |
||
| 504 | _aBibliografía : p. 497-513 e índice | ||
| 650 | 7 |
_2lemb _aDerecho constitucional _zArgentina |
|
| 942 |
_2lcc _cLIB |
||
| 999 |
_c133754 _d133754 |
||